[Event "Penang op 7th"]
[Site "Penang"]
[Date "2015.12.11"]
[Round "7"]
[White "Villamayor, Buenaventura"]
[Black "Hakiki, Kaisar Jenius"]
[Result "1-0"]
[WhiteElo "2454"]
[BlackElo "2236"]
[PlyCount "59"]
[EventDate "2015.12.07"]
[EventType "swiss"]
[EventRounds "9"]
[EventCountry "MAS"]
[SourceTitle "CBM 169 Extra"]
[Source "ChessBase"]
[SourceDate "2015.12.18"]
[SourceVersion "1"]
[SourceVersionDate "2015.12.18"]
[SourceQuality "1"]

1. c4 Nf6 2. g3 e6 3. Bg2 d5 4. Nf3 dxc4 5. Na3 a6 6. Nxc4 b5 7. Nce5 Ra7 8. a4 b4 9. 0-0 Bd6 10. d4 0-0 11. Be3 Nd5 12. Bd2 c5 13. dxc5 Bxc5 14. Rc1 Rc7 15. e4 Nf6 16. Rxc5 Rxc5 17. Bxb4 Nxe4 18. Bxc5 Qxd1 19. Rxd1 Nxc5 20. a5 Nb3 21. Nc4 Nc6 22. Nfe5 Nxe5 23. Nxe5 Nxa5 24. b4 Nb7 25. Nc6 Re8 26. Na7 Kf8 27. Nxc8 Rxc8 28. Bxb7 Rb8 29. Rd7 Ke8 30. Rc7 1-0

[Event "Penang op 7th"]
[Site "Penang"]
[Date "2015.12.09"]
[Round "4"]
[White "Hakiki, Kaisar Jenius"]
[Black "Manaog, Stewart"]
[Result "1/2-1/2"]
[WhiteElo "2236"]
[BlackElo "2090"]
[PlyCount "98"]
[EventDate "2015.12.07"]
[EventType "swiss"]
[EventRounds "9"]
[EventCountry "MAS"]
[SourceTitle "CBM 169 Extra"]
[Source "ChessBase"]
[SourceDate "2015.12.18"]
[SourceVersion "1"]
[SourceVersionDate "2015.12.18"]
[SourceQuality "1"]

1. e4 c5 2. c4 Nc6 3. Nc3 g6 4. d3 Bg7 5. Be3 d6 6. g3 a6 7. Bg2 Rb8 8. a4 Nf6 9. h3 Nd4 10. Nce2 e5 11. Nxd4 exd4 12. Bd2 0-0 13. b4 b5 14. cxb5 axb5 15. a5 Ba6 16. Ne2 Nd7 17. f4 c4 18. 0-0 Rc8 19. Be1 Nb8 20. Bf2 Nc6 21. Rb1 c3 22. Qb3 Qc7 23. g4 Bb7 24. h4 h6 25. Ra1 Rce8 26. Ng3 Bc8 27. g5 hxg5 28. hxg5 Be6 29. Qa3 f5 30. exf5 Bxf5 31. Nxf5 Rxf5 32. Qb3+ Kh7 33. Bg3 Re3 34. Kf2 Be5 35. Be4 Bxf4 36. Bxf5 Bxg3+ 37. Kg2 gxf5 38. Rh1+ Kg7 39. g6 Re2+ 40. Kf3 Re3+ 41. Kg2 Re2+ 42. Kg1 Kxg6 43. a6 d5 44. Qxd5 Bh2+ 45. Kf1 Qf4+ 46. Kxe2 Qe3+ 47. Kf1 Qf4+ 48. Kg2 Qg3+ 49. Kf1 Qf4+ 1/2-1/2

[Event "Kuala Lumpur op"]
[Site "Kuala Lumpur"]
[Date "2014.04.07"]
[Round "4"]
[White "Hakiki, Kaisar Jenius"]
[Black "Murshed, Niaz"]
[Result "0-1"]
[WhiteElo "2291"]
[BlackElo "2464"]
[PlyCount "48"]
[EventDate "2014.04.04"]
[EventType "swiss"]
[EventRounds "9"]
[EventCountry "MAS"]
[SourceTitle "EXT 2015"]
[Source "ChessBase"]
[SourceDate "2014.11.20"]
[SourceVersion "1"]
[SourceVersionDate "2014.11.20"]
[SourceQuality "1"]

1. e4 c5 2. Nf3 Nc6 3. d4 cxd4 4. Nxd4 Qc7 5. Nc3 e6 6. Be2 a6 7. 0-0 Nf6 8. Bg5 Be7 9. a4 Ng4 10. Bxg4 Bxg5 11. Nxc6 bxc6 12. Re1 Bf6 13. Qd2 h5 14. Be2 Be5 15. g3 c5 16. Rad1 Bb7 17. Bf1 f5 18. exf5 Qc6 19. f3 Bd4+ 20. Kh1 h4 21. gxh4 Rxh4 22. fxe6 0-0-0 23. Re4 Rdh8 24. exd7+ Kxd7 0-1

[Event "Jakarta Indonesia op 3rd"]
[Site "Jakarta"]
[Date "2013.10.17"]
[Round "11"]
[White "Hakiki, Kaisar Jenius"]
[Black "Suradiradja, Herman"]
[Result "1-0"]
[WhiteElo "2299"]
[BlackElo "2215"]
[PlyCount "107"]
[EventDate "2013.10.10"]
[EventType "swiss"]
[EventRounds "11"]
[EventCountry "INA"]
[SourceTitle "EXT 2014"]
[Source "ChessBase"]
[SourceDate "2013.11.20"]
[SourceVersion "1"]
[SourceVersionDate "2013.11.20"]
[SourceQuality "1"]

1. e4 c5 2. f4 Nc6 3. Nf3 g6 4. c3 Bg7 5. Bb5 a6 6. Bxc6 dxc6 7. d3 Nf6 8. 0-0 0-0 9. h3 b6 10. Re1 h6 11. d4 cxd4 12. cxd4 Ne8 13. Nc3 Nd6 14. Ne5 Bb7 15. Be3 Kh7 16. Qg4 e6 17. h4 h5 18. Qg3 b5 19. Bf2 a5 20. Rad1 Qc7 21. Rc1 Rac8 22. a4 Qe7 23. b3 b4 24. Nd1 c5 25. dxc5 Nxe4 26. Rxe4 Bxe4 27. Nb2 Rfd8 28. Qe3 Bd5 29. Nbc4 f6 30. Nf3 Bxc4 31. Rxc4 Rd1+ 32. Kh2 e5 33. fxe5 Bh6 34. Qe2 Rd5 35. Qe4 Rxe5 36. Nxe5 fxe5 37. c6 Qd6 38. Rc2 Qe7 39. g3 Qe6 40. Rc4 Qd6 41. Rc2 Qe6 42. Qc4 Qxc4 43. Rxc4 e4 44. Bb6 Bd2 45. c7 e3 46. Re4 Kg7 47. Kg2 Kf6 48. Kf3 Bc3 49. Bxa5 Be5 50. Rxb4 Bxc7 51. Bxc7 Rxc7 52. Kxe3 Kf5 53. Rc4 Re7+ 54. Kf3 1-0

[Event "Jakarta Indonesia op 3rd"]
[Site "Jakarta"]
[Date "2013.10.16"]
[Round "10"]
[White "Senador, Emmanuel"]
[Black "Hakiki, Kaisar Jenius"]
[Result "1-0"]
[WhiteElo "2323"]
[BlackElo "2299"]
[PlyCount "69"]
[EventDate "2013.10.10"]
[EventType "swiss"]
[EventRounds "11"]
[EventCountry "INA"]
[SourceTitle "EXT 2014"]
[Source "ChessBase"]
[SourceDate "2013.11.20"]
[SourceVersion "1"]
[SourceVersionDate "2013.11.20"]
[SourceQuality "1"]

1. e4 c5 2. c3 d6 3. d4 Nf6 4. Bd3 Nc6 5. Nf3 Bg4 6. d5 Nb8 7. h3 Bxf3 8. Qxf3 g6 9. 0-0 Bg7 10. Qe2 0-0 11. Nd2 Nbd7 12. f4 Qc7 13. Nf3 Rfc8 14. c4 Ne8 15. Be3 b5 16. Rae1 bxc4 17. Bxc4 Rcb8 18. b3 a5 19. e5 dxe5 20. fxe5 Bxe5 21. Nxe5 Qxe5 22. Qf3 Qf6 23. Qg4 Ne5 24. Qg3 Qg7 25. Bf4 Nxc4 26. Bxb8 Ncd6 27. Bxd6 Nxd6 28. Qe3 Qd4 29. Qxd4 cxd4 30. Rxe7 Nf5 31. Rc7 Rd8 32. Rc5 Ne3 33. Rf4 Rxd5 34. Rxd5 Nxd5 35. Rxd4 1-0

[Event "Jakarta Indonesia op 3rd"]
[Site "Jakarta"]
[Date "2013.10.15"]
[Round "8"]
[White "Bancod, Ronald"]
[Black "Hakiki, Kaisar Jenius"]
[Result "0-1"]
[WhiteElo "2306"]
[BlackElo "2299"]
[PlyCount "112"]
[EventDate "2013.10.10"]
[EventType "swiss"]
[EventRounds "11"]
[EventCountry "INA"]
[SourceTitle "CBM 156 Extra"]
[Source "ChessBase"]
[SourceDate "2013.10.22"]
[SourceVersion "1"]
[SourceVersionDate "2013.10.22"]
[SourceQuality "1"]

1. e4 c5 2. Nf3 d6 3. Bb5+ Bd7 4. a4 a6 5. Bxd7+ Qxd7 6. 0-0 Nc6 7. d3 g6 8. Bd2 Bg7 9. Bc3 Nd4 10. Nbd2 Nxf3+ 11. Qxf3 e5 12. Nc4 Rb8 13. Qg3 Ne7 14. f4 f6 15. a5 0-0 16. fxe5 fxe5 17. Rf3 Rxf3 18. gxf3 Rf8 19. Qg4 Rd8 20. Ra3 Qxg4+ 21. fxg4 Nc6 22. Rb3 Rd7 23. Nb6 Rf7 24. Nd5 Bh6 25. h4 Bf4 26. Kg2 h6 27. Rb6 Bc1 28. b4 cxb4 29. Bxb4 Nxb4 30. Rxb4 Ba3 31. Rb1 Bc5 32. Rf1 Rxf1 33. Kxf1 Kf7 34. h5 gxh5 35. gxh5 Ke6 36. Ke2 Ba3 37. Kd2 Bc5 38. Ke2 Bd4 39. c3 Bc5 40. Kd2 Bf2 41. Kc2 Be1 42. Kd1 Bh4 43. Ke2 Bd8 44. Ne3 Bxa5 45. Nf5 Bxc3 46. Nxh6 Kf6 47. Nf5 Bb4 48. Kd1 Bc5 49. Kc2 b5 50. Kb3 Kg5 51. h6 Kg6 52. Ka2 Kh7 53. Kb3 a5 54. Kc2 a4 55. Kc3 b4+ 56. Kb2 b3 0-1

[Event "Jakarta Indonesia op 3rd"]
[Site "Jakarta"]
[Date "2013.10.14"]
[Round "7"]
[White "Hakiki, Kaisar Jenius"]
[Black "Panggabean, Hasian"]
[Result "1/2-1/2"]
[WhiteElo "2299"]
[BlackElo "2190"]
[PlyCount "111"]
[EventDate "2013.10.10"]
[EventType "swiss"]
[EventRounds "11"]
[EventCountry "INA"]
[SourceTitle "CBM 156 Extra"]
[Source "ChessBase"]
[SourceDate "2013.10.22"]
[SourceVersion "1"]
[SourceVersionDate "2013.10.22"]
[SourceQuality "1"]

1. d4 d5 2. Nf3 Nf6 3. c4 c6 4. Nc3 dxc4 5. a4 Bf5 6. Ne5 Nbd7 7. Nxc4 Qc7 8. f3 e5 9. e4 exd4 10. Qxd4 Bc5 11. Qd2 Be6 12. Qf4 Qxf4 13. Bxf4 Nh5 14. Bc7 Bxc4 15. Bxc4 Rc8 16. Bg3 Nxg3 17. hxg3 Ne5 18. Be2 Rd8 19. Rh5 Bd4 20. 0-0-0 f6 21. f4 Bxc3 22. bxc3 Rxd1+ 23. Kxd1 g6 24. Rh1 Nd7 25. a5 Nc5 26. Re1 Ke7 27. Bc4 b5 28. Be2 Nxe4 29. Bxb5 cxb5 30. Rxe4+ Kd6 31. Kc2 f5 32. Re5 a6 33. Kd3 Rc8 34. g4 fxg4 35. g3 Rc4 36. Re8 Ra4 37. Rh8 Rxa5 38. Rxh7 Ke6 39. Rh8 Ra2 40. Re8+ Kf7 41. Ra8 Rg2 42. Ra7+ Kf6 43. Rxa6+ Kf5 44. Rb6 Rxg3+ 45. Kd4 Rg1 46. Ke3 Rg3+ 47. Kf2 Rxc3 48. Rxb5+ Kxf4 49. Rb4+ Kg5 50. Rb8 g3+ 51. Kg2 Kh4 52. Rb4+ Kh5 53. Ra4 g5 54. Rb4 Kg6 55. Rb5 Kh5 56. Rb4 1/2-1/2

[Event "Jakarta Indonesia op 3rd"]
[Site "Jakarta"]
[Date "2013.10.10"]
[Round "1"]
[White "Hakiki, Kaisar Jenius"]
[Black "Malakhatko, Vadim"]
[Result "0-1"]
[WhiteElo "2299"]
[BlackElo "2519"]
[PlyCount "78"]
[EventDate "2013.10.10"]
[EventType "swiss"]
[EventRounds "11"]
[EventCountry "INA"]
[SourceTitle "CBM 156 Extra"]
[Source "ChessBase"]
[SourceDate "2013.10.22"]
[SourceVersion "1"]
[SourceVersionDate "2013.10.22"]
[SourceQuality "1"]

1. e4 c5 2. Nf3 e6 3. d4 cxd4 4. Nxd4 Nc6 5. Nc3 Qc7 6. g3 a6 7. Bg2 h5 8. Bg5 Be7 9. h4 Nf6 10. 0-0 d6 11. Re1 Ne5 12. f4 Neg4 13. Bf3 e5 14. Bxf6 Nxf6 15. Nf5 Bxf5 16. exf5 0-0 17. Kg2 exf4 18. gxf4 d5 19. Nxd5 Nxd5 20. Bxd5 Rae8 21. c4 Bf6 22. Qf3 b5 23. cxb5 axb5 24. Rac1 Qd7 25. Qd3 Rxe1 26. Rxe1 Bxh4 27. Rh1 Rd8 28. Rd1 Bf6 29. b3 h4 30. Qc2 Qe7 31. Bf3 Rxd1 32. Qxd1 Qe3 33. Qe2 Qxf4 34. Bh5 Qxf5 35. Qe8+ Kh7 36. Bf3 h3+ 37. Kf2 Bd4+ 38. Kg3 Be5+ 39. Kf2 h2 0-1

[Event "Kuala Lumpur op 10th"]
[Site "Kuala Lumpur"]
[Date "2013.08.11"]
[Round "3"]
[White "Hakiki, Kaisar Jenius"]
[Black "Nihal, Manjunath"]
[Result "1-0"]
[WhiteElo "2301"]
[BlackElo "2026"]
[PlyCount "97"]
[EventDate "2013.08.10"]
[EventType "swiss"]
[EventRounds "9"]
[EventCountry "MAS"]
[SourceTitle "CBM 156 Extra"]
[Source "ChessBase"]
[SourceDate "2013.10.22"]
[SourceVersion "1"]
[SourceVersionDate "2013.10.22"]
[SourceQuality "1"]

1. e4 c5 2. Nf3 d6 3. d4 cxd4 4. Nxd4 Nf6 5. Nc3 g6 6. Be3 Bg7 7. Be2 0-0 8. Qd2 Nc6 9. 0-0-0 Ng4 10. Bxg4 Bxg4 11. f3 Bd7 12. h4 Qa5 13. Kb1 Rfc8 14. Nd5 Qxd2 15. Rxd2 Kf8 16. Nxc6 bxc6 17. Nf4 Rcb8 18. c4 c5 19. Nd5 Rb7 20. g4 Rab8 21. Rhh2 h6 22. g5 h5 23. f4 Bc6 24. e5 dxe5 25. Bxc5 Bxd5 26. cxd5 Rc8 27. d6 Ke8 28. Ba3 exd6 29. Bxd6 Rd7 30. fxe5 Rcd8 31. Rd5 Rc8 32. Rc2 Rxc2 33. Kxc2 Bf8 34. Kd3 Rb7 35. b3 Bxd6 36. Rxd6 Rb4 37. Rd4 Rb5 38. Ra4 a5 39. Kd4 Ke7 40. Rc4 Ke6 41. Rc6+ Kd7 42. Rc5 Rb4+ 43. Rc4 Rb5 44. Ke4 Ke6 45. Kf4 Rxe5 46. Re4 Rxe4+ 47. Kxe4 Kd6 48. a3 Kc5 49. Ke5 1-0

[Event "Kuala Lumpur op 10th"]
[Site "Kuala Lumpur"]
[Date "2013.08.10"]
[Round "2"]
[White "Xiu, Deshun"]
[Black "Hakiki, Kaisar Jenius"]
[Result "1-0"]
[WhiteElo "2566"]
[BlackElo "2301"]
[PlyCount "85"]
[EventDate "2013.08.10"]
[EventType "swiss"]
[EventRounds "9"]
[EventCountry "MAS"]
[SourceTitle "CBM 156 Extra"]
[Source "ChessBase"]
[SourceDate "2013.10.22"]
[SourceVersion "1"]
[SourceVersionDate "2013.10.22"]
[SourceQuality "1"]

1. d4 Nf6 2. c4 e6 3. Nc3 d5 4. cxd5 exd5 5. Bg5 Be7 6. e3 h6 7. Bh4 c6 8. Bd3 Ne4 9. Bxe7 Qxe7 10. Qc2 Nxc3 11. bxc3 0-0 12. Ne2 Re8 13. 0-0 Nd7 14. c4 dxc4 15. Bxc4 Nb6 16. Bb3 Be6 17. Nf4 Bxb3 18. Qxb3 c5 19. dxc5 Qxc5 20. Rac1 Qe5 21. Qa3 Red8 22. Rc5 Qd6 23. Qa5 Rac8 24. Rxc8 Nxc8 25. h4 Qb6 26. Qe5 Qd6 27. Qb2 Qb6 28. Qc2 Qf6 29. h5 Nb6 30. Rb1 Rc8 31. Qe2 Qf5 32. Rd1 Qa5 33. g3 Qc3 34. Kh2 Qc6 35. Rd2 Qc1 36. Qd3 Qc3 37. Qxc3 Rxc3 38. Rd8+ Kh7 39. Re8 Rc7 40. e4 Rd7 41. e5 Nd5 42. e6 fxe6 43. Ng6 1-0

[Event "Jakarta Indonesia op 2nd"]
[Site "Jakarta"]
[Date "2012.10.16"]
[Round "8"]
[White "Torre, Eugenio"]
[Black "Hakiki, Kaisar Jenius"]
[Result "1-0"]
[WhiteElo "2500"]
[BlackElo "2285"]
[PlyCount "149"]
[EventDate "2012.10.11"]
[EventType "swiss"]
[EventRounds "9"]
[EventCountry "INA"]
[SourceTitle "EXT 2013"]
[Source "ChessBase"]
[SourceDate "2012.11.22"]
[SourceVersion "1"]
[SourceVersionDate "2012.11.22"]
[SourceQuality "1"]

1. e4 c5 2. Nf3 d6 3. c3 Nf6 4. Be2 g6 5. 0-0 Bg7 6. Re1 0-0 7. Bf1 Bg4 8. h3 Bxf3 9. Qxf3 Nc6 10. Qd1 e5 11. d3 d5 12. exd5 Nxd5 13. g3 Qd7 14. a4 Rad8 15. a5 Rfe8 16. Qb3 h6 17. Nd2 Kh7 18. Qb5 Bf8 19. Bg2 Qc7 20. Ne4 a6 21. Qa4 f5 22. Nd2 Nf6 23. Bf1 Bg7 24. Nc4 Nd5 25. Qa3 Na7 26. Qb3 Nc6 27. Bd2 Re7 28. Qa3 Red7 29. Rad1 Na7 30. h4 Bf6 31. Qb3 Nc6 32. Ra1 g5 33. hxg5 hxg5 34. g4 f4 35. Bg2 Kg7 36. Be4 Be7 37. Bf5 Nf6 38. Qc2 Rh8 39. Qb3 e4 40. dxe4 f3 41. e5 Rxd2 42. Nxd2 Nxe5 43. Qe6 Bd6 44. Ne4 Nxe4 45. Rxe4 Rh6 46. Qc8 Qxc8 47. Bxc8 Nd3 48. Re6 Bh2+ 49. Kf1 Rh8 50. Bxb7 Ne5 51. Rxe5 Bxe5 52. Bxf3 Rb8 53. Ra2 Bc7 54. Be2 Kf6 55. Bc4 Ke5 56. Ke2 Bd8 57. f3 Bc7 58. Kd3 Rf8 59. Kc2 Rb8 60. Ra4 Kd6 61. b4 cxb4 62. cxb4 Ra8 63. Ra3 Kc6 64. Re3 Bd6 65. Re6 Rb8 66. Bxa6 Rxb4 67. Rg6 Ra4 68. Rxg5 Bc5 69. Bb7+ Kb5 70. a6 Kc4 71. Bd5+ Kb4 72. Rg6 Ra3 73. Rc6 Kb5 74. g5 Bb6 75. Rc3 1-0

[Event "Jakarta Indonesia op 1st"]
[Site "Jakarta"]
[Date "2011.10.18"]
[Round "8"]
[White "Margana, Adhy"]
[Black "Hakiki, Kaisar Jenius"]
[Result "0-1"]
[WhiteElo "2204"]
[BlackElo "2272"]
[PlyCount "107"]
[EventDate "2011.10.13"]
[EventType "swiss"]
[EventRounds "9"]
[EventCountry "INA"]
[SourceTitle "EXT 2012"]
[Source "ChessBase"]
[SourceDate "2011.11.24"]
[SourceVersion "1"]
[SourceVersionDate "2011.11.24"]
[SourceQuality "1"]

1. e4 c5 2. Nf3 d6 3. d4 cxd4 4. Nxd4 Nf6 5. f3 e5 6. Nb3 d5 7. exd5 Qxd5 8. Qxd5 Nxd5 9. Bc4 Nb6 10. Bd3 Nc6 11. 0-0 Be6 12. Nc3 Be7 13. Be3 Nc4 14. Bxc4 Bxc4 15. Rfd1 Rd8 16. Rxd8+ Kxd8 17. Nc5 Kc8 18. b3 b6 19. N5e4 Be6 20. Ng5 Bxg5 21. Bxg5 f6 22. Be3 Rd8 23. Nb5 a6 24. Nc3 Kb7 25. Na4 Nd4 26. c3 Nc2 27. Bxb6 Rd2 28. Rc1 Bd7 29. Bf2 Bxa4 30. bxa4 Na3 31. Bc5 Nc4 32. Bf8 g6 33. a3 f5 34. Rb1+ Kc6 35. Rb4 Ne3 36. g3 Rg2+ 37. Kh1 Rf2 38. h3 Rxf3 39. a5 Kd5 40. Rb6 Rf1+ 41. Kh2 Ke4 42. Bc5 Rf2+ 43. Kh1 Ra2 44. Rxa6 Nf1 45. Rd6 Nxg3+ 46. Kg1 f4 47. a6 f3 48. Bf2 Ra1+ 49. Kh2 Nf1+ 50. Kg1 Ne3+ 51. Kh2 Rxa3 52. Rb6 Ra2 53. Kg1 Nd1 54. Rb4+ 0-1

[Event "Jakarta Indonesia op 1st"]
[Site "Jakarta"]
[Date "2011.10.14"]
[Round "3"]
[White "Hakiki, Kaisar Jenius"]
[Black "Lioe, Dede"]
[Result "0-1"]
[WhiteElo "2272"]
[BlackElo "2402"]
[PlyCount "74"]
[EventDate "2011.10.13"]
[EventType "swiss"]
[EventRounds "9"]
[EventCountry "INA"]
[SourceTitle "EXT 2012"]
[Source "ChessBase"]
[SourceDate "2011.11.24"]
[SourceVersion "1"]
[SourceVersionDate "2011.11.24"]
[SourceQuality "1"]

1. e4 c5 2. Nf3 Nc6 3. d4 cxd4 4. Nxd4 Nf6 5. Nc3 d6 6. Bg5 e6 7. Qd2 a6 8. 0-0-0 Bd7 9. f4 Qc7 10. Be2 Be7 11. Bf3 0-0 12. Rhe1 Rfd8 13. Nb3 Be8 14. Qe3 h6 15. Bh4 Ng4 16. Bxg4 Bxh4 17. g3 Bf6 18. Kb1 Rac8 19. Ne2 Na5 20. c3 Ba4 21. Nec1 b5 22. Rd3 Nc4 23. Qf2 b4 24. Nd4 bxc3 25. bxc3 Qb6+ 26. Ncb3 e5 27. Bxc8 exd4 28. cxd4 Rxc8 29. Rc1 Bb5 30. Ka1 Re8 31. Rdc3 Na5 32. Nxa5 Bxd4 33. Qd2 Rxe4 34. Nb3 Bf6 35. Re1 Qf2 36. Qxf2 Bxc3+ 37. Kb1 Bd3+ 0-1

[Event "Tagaytay City zt 3.3"]
[Site "Tagaytay City"]
[Date "2011.05.27"]
[Round "6"]
[White "Hakiki, Kaisar Jenius"]
[Black "Purnama, Tirta Chandra"]
[Result "1-0"]
[WhiteElo "2258"]
[BlackElo "2404"]
[PlyCount "73"]
[EventDate "2011.05.24"]
[EventType "swiss"]
[EventRounds "9"]
[EventCountry "PHI"]
[SourceTitle "EXT 2012"]
[Source "ChessBase"]
[SourceDate "2011.11.24"]
[SourceVersion "1"]
[SourceVersionDate "2011.11.24"]
[SourceQuality "1"]

1. e4 c5 2. Nf3 e6 3. d4 cxd4 4. Nxd4 a6 5. Bd3 Ne7 6. 0-0 Nbc6 7. Nxc6 Nxc6 8. Be3 Be7 9. c4 d5 10. cxd5 exd5 11. exd5 Qxd5 12. Nc3 Qa5 13. a3 0-0 14. b4 Qe5 15. Nd5 Bf5 16. Bxf5 Qxf5 17. Bb6 Bd6 18. Re1 Rfe8 19. Qd2 Qg6 20. Bc7 Ne5 21. Qe3 Kf8 22. Qe4 Qh6 23. Bxd6+ Qxd6 24. Qxh7 Qxd5 25. Qh8+ Ke7 26. Qxg7 Kd7 27. Red1 Nd3 28. Qg3 Re1+ 29. Rxe1 Nxe1 30. Rxe1 Rh8 31. Rc1 Ke6 32. h3 Rh5 33. Kh2 Rg5 34. Qe3+ Kf6 35. g3 Re5 36. Qh6+ Ke7 37. Rc5 1-0

[Event "Asia Cities-ch 17th"]
[Site "Jakarta"]
[Date "2011.04.27"]
[Round "7.4"]
[White "Jones, Brian"]
[Black "Hakiki, Kaisar Jenius"]
[Result "0-1"]
[WhiteElo "2046"]
[BlackElo "2251"]
[PlyCount "96"]
[EventDate "2011.04.22"]
[EventType "team-swiss"]
[EventRounds "9"]
[EventCountry "INA"]
[SourceTitle "CBM 142 Extra"]
[Source "ChessBase"]
[SourceDate "2011.06.27"]
[SourceVersion "1"]
[SourceVersionDate "2011.06.27"]
[SourceQuality "1"]
[WhiteTeam "Sydney"]
[BlackTeam "Palembang"]
[WhiteTeamCountry "AUS"]
[BlackTeamCountry "INA"]

1. d4 Nf6 2. c4 e6 3. g3 Bb4+ 4. Bd2 Bxd2+ 5. Qxd2 d5 6. Bg2 0-0 7. Nc3 b6 8. cxd5 exd5 9. e3 Bb7 10. Nge2 Qe7 11. 0-0 Rd8 12. Rac1 Nbd7 13. Rfe1 Nf8 14. f3 c5 15. Nf4 Ne6 16. Nxe6 Qxe6 17. dxc5 bxc5 18. Na4 c4 19. Nc5 Qb6 20. Nxb7 Qxb7 21. Qd4 Rab8 22. Rc2 Qa6 23. a3 Rb3 24. Bf1 Qb6 25. Qxb6 axb6 26. Kf2 Re8 27. Rd2 g5 28. g4 b5 29. h4 h6 30. hxg5 hxg5 31. Rde2 Kf8 32. Ra1 d4 33. exd4 Rxe2+ 34. Bxe2 Rxb2 35. a4 Nd5 36. Ke1 Nc3 37. Bd1 Nxd1 38. Kxd1 Rh2 39. Ra3 b4 40. Re3 Ra2 41. Re5 b3 42. Rb5 Ra3 43. Kd2 b2 44. Kc2 c3 45. a5 Ra1 46. a6 Rc1+ 47. Kd3 b1Q+ 48. Rxb1 Rxb1 0-1

[Event "Asia Cities-ch 17th"]
[Site "Jakarta"]
[Date "2011.04.25"]
[Round "4.4"]
[White "Zayed, Ali Al Hamed"]
[Black "Hakiki, Kaisar Jenius"]
[Result "0-1"]
[WhiteElo "1928"]
[BlackElo "2251"]
[PlyCount "96"]
[EventDate "2011.04.22"]
[EventType "team-swiss"]
[EventRounds "9"]
[EventCountry "INA"]
[SourceTitle "CBM 142 Extra"]
[Source "ChessBase"]
[SourceDate "2011.06.27"]
[SourceVersion "1"]
[SourceVersionDate "2011.06.27"]
[SourceQuality "1"]
[WhiteTeam "Abu Dhabi"]
[BlackTeam "Palembang"]
[WhiteTeamCountry "UAE"]
[BlackTeamCountry "INA"]

1. e4 c5 2. Nf3 d6 3. d4 cxd4 4. Qxd4 Nc6 5. Bb5 e5 6. Qd3 Be7 7. Bxc6+ bxc6 8. c4 Nf6 9. Nc3 0-0 10. 0-0 Qc7 11. Bg5 h6 12. Bh4 Be6 13. h3 g5 14. Bg3 Nd7 15. Rad1 a5 16. b3 Nc5 17. Qe3 Rfb8 18. Rb1 Rb4 19. h4 f6 20. Nd2 a4 21. a3 Rxb3 22. Nxb3 axb3 23. Qe2 Qa5 24. Rfc1 Qxa3 25. f3 Qa6 26. Nd1 d5 27. exd5 cxd5 28. Ra1 Qxa1 29. Rxa1 Rxa1 30. cxd5 b2 31. Qxb2 Rxd1+ 32. Kh2 Rxd5 33. hxg5 hxg5 34. Bf2 Nd3 35. Qb8+ Rd8 36. Qc7 Kf7 37. Be3 Rc8 38. Qa7 Rc2 39. Bb6 Rc8 40. Qb7 f5 41. g4 Nf4 42. gxf5 Bxf5 43. Bc7 Rh8+ 44. Kg3 Rh3+ 45. Kf2 Bc5+ 46. Ke1 Rh1+ 47. Kd2 Rh2+ 48. Ke1 Re2+ 0-1

[Event "Asia-chT 16th Tata Steel"]
[Site "Kolkata"]
[Date "2009.12.24"]
[Round "3"]
[White "Hakiki, Kaisar Jenius"]
[Black "Deepan Chakkravarthy, J."]
[Result "0-1"]
[WhiteElo "2227"]
[BlackElo "2518"]
[PlyCount "116"]
[EventDate "2009.12.22"]
[EventType "team-swiss"]
[EventRounds "7"]
[EventCountry "IND"]
[SourceTitle "EXT 2020"]
[Source "ChessBase"]
[SourceDate "2019.10.17"]
[SourceVersion "1"]
[SourceVersionDate "2019.10.17"]
[SourceQuality "1"]
[WhiteTeam "Indonesia"]
[BlackTeam "India"]
[WhiteTeamCountry "INA"]
[BlackTeamCountry "IND"]

1. e4 c5 2. Nf3 d6 3. d4 cxd4 4. Nxd4 Nf6 5. Nc3 a6 6. Be2 e6 7. a4 Be7 8. f4 0-0 9. 0-0 Nc6 10. Be3 Bd7 11. Qe1 Nxd4 12. Bxd4 Bc6 13. Bd3 Nd7 14. Rd1 e5 15. Be3 exf4 16. Bxf4 Ne5 17. Kh1 Bf6 18. Qg3 g6 19. Be2 Bg7 20. Rd2 Qc7 21. Rfd1 Rad8 22. b4 Kh8 23. b5 axb5 24. axb5 Be8 25. Nd5 Qb8 26. c4 f6 27. Qa3 g5 28. Bg3 Bg6 29. Nc3 Qc8 30. Qb3 f5 31. exf5 Qxf5 32. c5 h5 33. Nd5 dxc5 34. Ne7 Rxd2 35. Nxf5 Rxd1+ 36. Qxd1 Bxf5 37. Bxh5 Nd3 38. h4 gxh4 39. Bxh4 c4 40. Bg4 Bh7 41. Be2 Ra8 42. Kh2 Rg8 43. g4 Ra8 44. Bg3 Ra2 45. Kh3 Ra1 46. Qd2 c3 47. Qe3 Rh1+ 48. Kg2 c2 49. Kxh1 c1Q+ 50. Qxc1 Be4+ 51. Kh2 Nxc1 52. Bc4 Nd3 53. Bxd3 Bxd3 54. b6 Bd4 55. Bc7 Be4 56. Kg3 Be3 57. Bd8 Kg7 58. Bc7 Kf7 0-1

[Event "Wch U18"]
[Site "Vung Tau"]
[Date "2008.10.28"]
[Round "9"]
[White "Hakiki, Kaisar Jenius"]
[Black "Aharon, Ofir"]
[Result "1-0"]
[WhiteElo "2189"]
[BlackElo "2118"]
[PlyCount "75"]
[EventDate "2008.10.20"]
[EventType "swiss"]
[EventRounds "11"]
[EventCountry "VIE"]
[SourceTitle "EXT 2009"]
[Source "ChessBase"]
[SourceDate "2008.11.26"]
[SourceVersion "1"]
[SourceVersionDate "2008.11.26"]
[SourceQuality "1"]

1. e4 d6 2. d4 Nf6 3. Nc3 Nbd7 4. Bc4 e5 5. Nf3 Be7 6. 0-0 0-0 7. a4 c6 8. Re1 b6 9. Bg5 a6 10. Qe2 Bb7 11. Rad1 Qc7 12. d5 cxd5 13. Bxd5 Bxd5 14. Rxd5 Rfc8 15. Nh4 Qc4 16. Rd3 g6 17. g3 b5 18. Ng2 Bf8 19. Ne3 Qc6 20. Qf3 b4 21. Bxf6 Nxf6 22. Ncd5 Nxd5 23. Nxd5 Rab8 24. b3 Qxc2 25. Red1 Rb7 26. h4 Qb2 27. h5 Rc1 28. Kg2 Qb1 29. g4 f5 30. Rxc1 Qxc1 31. exf5 Rf7 32. Ne3 gxf5 33. Nxf5 Qg5 34. Qd5 Qf4 35. Rf3 Qg5 36. Ng3 Qg7 37. g5 Be7 38. Nf5 1-0

[Event "Wch U18"]
[Site "Vung Tau"]
[Date "2008.10.27"]
[Round "8"]
[White "Bonafede, Alessandro"]
[Black "Hakiki, Kaisar Jenius"]
[Result "1-0"]
[WhiteElo "2327"]
[BlackElo "2189"]
[PlyCount "76"]
[EventDate "2008.10.20"]
[EventType "swiss"]
[EventRounds "11"]
[EventCountry "VIE"]
[SourceTitle "EXT 2009"]
[Source "ChessBase"]
[SourceDate "2008.11.26"]
[SourceVersion "1"]
[SourceVersionDate "2008.11.26"]
[SourceQuality "1"]

1. e4 c5 2. Nf3 d6 3. d4 cxd4 4. Nxd4 Nf6 5. Nc3 e6 6. g4 h6 7. h4 Nc6 8. Rg1 Nd7 9. g5 hxg5 10. hxg5 Nxd4 11. Qxd4 Qb6 12. Qd1 a6 13. a3 Ne5 14. Rg3 Bd7 15. Be3 Qc7 16. Qd2 Rh1 17. 0-0-0 Nc4 18. Bxc4 Rxd1+ 19. Qxd1 Qxc4 20. g6 f6 21. f4 b5 22. e5 dxe5 23. fxe5 f5 24. Bg5 a5 25. Qh1 Bc6 26. Qh8 Qf1+ 27. Nd1 Bf3 28. Rxf3 Qg2 29. Qh5 Rc8 30. Rc3 Rxc3 31. Nxc3 b4 32. axb4 axb4 33. Nd1 b3 34. cxb3 Qe4 35. Qh2 Qg4 36. Qf4 Qxf4+ 37. Bxf4 Kd7 38. Kc2 Kc6 1-0